| 000 | 00444pab a2200157 454500 | ||
|---|---|---|---|
| 008 | 180718b xxu||||| |||| 00| 0 eng d | ||
| 100 | _aSafra Martine | ||
| 245 | _aInfrastructure for rural schools | ||
| 362 | _a(184), Oct-Nov 93, p.17-20 | ||
| 650 | _a School Education -- France | ||
| 650 | _a Elementary Schools -- France | ||
| 650 | _aEducation, Primary -- France | ||
| 700 | _aYelland Richard | ||
| 773 | _aOECD Observer | ||
| 909 | _a25354 | ||
| 999 |
_c25354 _d25354 |
||